[Event "AUTO-OPEN-1195"]
[Site "http://www.queenalice.com/game.php?id=432500"]
[Date "2008.7.13"]
[Round "1"]
[White "SPQR_Gladiatore"]
[Black "serse"]
[Result "0-1"]
[WhiteElo "1470"]
[BlackElo "2367"]

1. b3 e5 2. e4 Nf6 3. Nf3 Nxe4 4. Nxe5 Qf6 5. f3 Qxe5 6. d4 Qa5+ 7. Bd2 Nxd2 8.
Nxd2 Bb4 9. Bc4 O-O 10. a3 Re8+ 11. Kf2 Bxd2 0-1

[Event "AUTO-OPEN-1195"]
[Site "http://www.queenalice.com/game.php?id=432501"]
[Date "2008.7.13"]
[Round "1"]
[White "serse"]
[Black "SPQR_Gladiatore"]
[Result "1-0"]
[WhiteElo "2368"]
[BlackElo "1468"]

1. e4 e5 2. Nf3 Nc6 3. Bb5 Bd6 4. O-O Nf6 5. d4 a6 6. Bxc6 dxc6 7. dxe5 O-O 8.
Nc3 Bg4 9. exd6 cxd6 10. h3 Bxf3 11. Qxf3 b5 12. Bg5 1-0

[Event "AUTO-INT-1066"]
[Site "http://www.queenalice.com/game.php?id=476120"]
[Date "2008.10.11"]
[Round "1"]
[White "anax"]
[Black "SPQR_Gladiatore"]
[Result "1-0"]
[WhiteElo "1763"]
[BlackElo "1466"]

1. d4 d5 2. e3 Nc6 3. a3 e6 4. Nf3 Bd6 5. Bd3 e5 6. dxe5 Bxe5 7. Bb5 Nf6 8.
Bxc6+ bxc6 9. Nxe5 O-O 10. Nxc6 Qd6 11. Nd4 Ne4 12. Nd2 Qg6 13. Qf3 Bg4 14. Qf4
c5 15. N4f3 f5 16. Ne5 Qf6 17. Nd7 g5 18. Nxf6+ Rxf6 19. Qe5 1-0

[Event "AUTO-INT-1066"]
[Site "http://www.queenalice.com/game.php?id=476121"]
[Date "2008.10.11"]
[Round "1"]
[White "SPQR_Gladiatore"]
[Black "anax"]
[Result "0-1"]
[WhiteElo "1462"]
[BlackElo "1767"]

1. e4 e6 2. Nf3 h6 3. Bc4 d5 4. Bb3 dxe4 5. Ne5 Qg5 6. Nc4 Qxg2 7. Rf1 Qxh2 8.
Qe2 Qh4 9. d3 exd3 10. cxd3 Bd7 11. Be3 Nc6 12. Nbd2 Nb4 13. Qf3 Nxd3+ 14. Ke2
Bc6 15. Qg3 Qxg3 16. fxg3 Nb4 17. a3 Nd5 18. Bf4 Rc8 19. Rae1 Ngf6 0-1

[Event "AUTO-INT-1066"]
[Site "http://www.queenalice.com/game.php?id=476136"]
[Date "2008.10.11"]
[Round "1"]
[White "SPQR_Gladiatore"]
[Black "Jajer"]
[Result "0-1"]
[WhiteElo "1468"]
[BlackElo "1625"]

1. e4 c5 2. Nf3 g6 3. Bc4 e6 4. d4 d5 5. Bb5+ Bd7 6. Bxd7+ Qxd7 7. exd5 Qxd5 8.
b3 Bg7 9. Bb2 Nc6 10. O-O Nf6 11. c4 Qf5 12. dxc5 Qxc5 13. Bd4 Nxd4 14. Nxd4 Ne4
15. f3 Bxd4+ 16. Kh1 Nf2+ 17. Rxf2 Bxf2 18. Nd2 Bd4 19. Rb1 Qe5 20. a4 Bb6 21.
b4 Bc7 22. g3 Qh5 23. f4 Qxd1+ 24. Rxd1 O-O-O 25. c5 Rd4 26. b5 Rxa4 0-1

[Event "AUTO-INT-1066"]
[Site "http://www.queenalice.com/game.php?id=476137"]
[Date "2008.10.11"]
[Round "1"]
[White "Jajer"]
[Black "SPQR_Gladiatore"]
[Result "1-0"]
[WhiteElo "1661"]
[BlackElo "1477"]

1. d4 d5 2. c4 Nc6 3. Nf3 e6 4. c5 b6 5. e3 Nf6 6. Bb5 Be7 7. Bxc6+ Bd7 8. Bxd7+
Qxd7 9. Ne5 Qb5 10. Nc3 Qa5 11. Nc6 Qa6 12. Nb4 bxc5 13. Nxa6 O-O 14. Nxc7 Rab8
15. O-O c4 16. Qa4 Rb4 17. Qxa7 Bd6 18. Na6 Ng4 19. Nxb4 Bxh2+ 20. Kh1 f5 21.
Nc6 f4 22. Ne7+ Kf7 23. Nexd5+ Kg6 24. Nxf4+ Kg5 25. Nxe6+ 1-0

[Event "AUTO-INT-1066"]
[Site "http://www.queenalice.com/game.php?id=476138"]
[Date "2008.10.11"]
[Round "1"]
[White "SPQR_Gladiatore"]
[Black "igothedistance"]
[Result "1-0"]
[WhiteElo "1468"]
[BlackElo "1302"]

1. e4 e5 2. Nf3 Nc6 3. Bc4 d6 4. d3 Bg4 5. O-O Nf6 6. Bg5 Be7 7. Nc3 Qd7 8. h3
Bxf3 9. Qxf3 O-O-O 10. Ba6 bxa6 11. Bxf6 Bxf6 12. Nd5 Nd4 13. Qg4 Qxg4 14. hxg4
Bg5 15. c3 1-0

[Event "AUTO-INT-1066"]
[Site "http://www.queenalice.com/game.php?id=476139"]
[Date "2008.10.11"]
[Round "1"]
[White "igothedistance"]
[Black "SPQR_Gladiatore"]
[Result "0-1"]
[WhiteElo "1312"]
[BlackElo "1458"]

1. d4 d5 2. Nc3 c6 3. e4 e6 4. e5 Bb4 5. Be2 Qa5 6. Bd2 f6 7. Nf3 fxe5 8. Nxe5
Nd7 9. O-O Nxe5 10. dxe5 Ne7 11. a3 Bxc3 12. Bxc3 Qc7 13. f4 O-O 14. b4 Ng6 15.
Bd3 Rxf4 0-1

[Event "AUTO-INT-1189"]
[Site "http://www.queenalice.com/game.php?id=533115"]
[Date "2009.2.1"]
[Round "1"]
[White "dhiratsuka"]
[Black "SPQR_Gladiatore"]
[Result "1-0"]
[WhiteElo "1551"]
[BlackElo "1458"]

1. d4 d5 2. e3 Nc6 3. Qd2 e6 4. Bb5 Bb4 5. c3 Bd6 6. Nf3 Nf6 7. c4 Bb4 8. Nc3
O-O 9. Ne5 Bd7 10. c5 Ne4 11. Qc2 Qf6 12. Nxd7 Qxf2+ 13. Qxf2 Rfd8 14. Nf6+ Kh8
15. Nxe4 f5 16. Ng5 Rf8 17. Qh4 e5 18. Qxh7# 1-0

[Event "AUTO-INT-1189"]
[Site "http://www.queenalice.com/game.php?id=533116"]
[Date "2009.2.1"]
[Round "1"]
[White "SPQR_Gladiatore"]
[Black "dhiratsuka"]
[Result "0-1"]
[WhiteElo "1436"]
[BlackElo "1694"]

1. e4 d5 2. Nf3 dxe4 3. Ne5 Nc6 4. Nxc6 bxc6 5. d3 Bf5 6. d4 e6 7. c4 Bb4+ 8.
Bd2 Qxd4 9. Bxb4 Qxb2 10. Bc3 Qb6 11. Be2 e3 12. Bxg7 exf2+ 13. Kf1 Rd8 14. Qa4
Kd7 15. Bxh8 Nh6 16. Nc3 Rxh8 17. Nd1 Bg4 18. Nxf2 f5 19. g3 Qe3 20. Qd1+ Ke7
21. Rb1 f4 22. gxf4 Bf5 0-1

[Event "AUTO-INT-1189"]
[Site "http://www.queenalice.com/game.php?id=533131"]
[Date "2009.2.1"]
[Round "1"]
[White "REIDID93"]
[Black "SPQR_Gladiatore"]
[Result "1-0"]
[WhiteElo "1843"]
[BlackElo "1446"]

1. d4 d5 2. c4 dxc4 3. Nc3 Nc6 4. Nf3 Nb4 5. Qa4+ Nc6 6. Qxc4 e6 7. e4 Bb4 8. a3
Bxc3+ 9. bxc3 Nf6 10. Bg5 Bd7 11. e5 Qe7 12. exf6 gxf6 13. Bh4 O-O-O 14. Be2 e5
15. dxe5 Nxe5 16. Nxe5 Qxe5 17. Bg3 Rde8 18. Bxe5 Rxe5 19. O-O-O Ra5 20. Rxd7 c6
21. Qxf7 Rd8 22. Rxb7 1-0

[Event "AUTO-INT-1189"]
[Site "http://www.queenalice.com/game.php?id=533132"]
[Date "2009.2.1"]
[Round "1"]
[White "SPQR_Gladiatore"]
[Black "REIDID93"]
[Result "0-1"]
[WhiteElo "1438"]
[BlackElo "1830"]

1. e4 c5 2. Nf3 a6 3. Bc4 e6 4. d3 Nc6 5. d4 cxd4 6. Nxd4 Qc7 7. c3 Nf6 8. Qe2
Be7 9. e5 Nxe5 10. b3 Nxc4 11. bxc4 b6 12. O-O O-O 13. Qf3 Bb7 14. Bf4 d6 15.
Qg3 e5 16. Bh6 Nh5 17. Nf5 Nxg3 18. fxg3 Qc5+ 19. Kh1 Qxc4 20. Nd2 Qe6 21. Bxg7
Bg5 22. Bxf8 Bxd2 23. Rad1 Kxf8 24. Rxd2 Qc4 0-1

[Event "AUTO-INT-1189"]
[Site "http://www.queenalice.com/game.php?id=533141"]
[Date "2009.2.1"]
[Round "1"]
[White "vortex"]
[Black "SPQR_Gladiatore"]
[Result "1-0"]
[WhiteElo "1758"]
[BlackElo "1444"]

1. e4 e5 2. Nf3 Nc6 3. Bb5 Bc5 4. Bxc6 Ne7 5. Bb5 c6 6. Bc4 Qb6 7. O-O d5 8.
exd5 cxd5 9. Bb3 Bg4 10. Ba4+ Nc6 11. Bxc6+ Qxc6 12. d3 e4 13. Ne5 Qe6 14. Nxg4
O-O 15. Nc3 f5 16. Ne3 Bd6 17. Nexd5 Qe5 18. Bf4 Qe6 19. Bxd6 Qxd6 20. dxe4 fxe4
21. Nxe4 Qe5 22. Re1 Rad8 23. Nec3 Qf5 24. Ne7+ Kf7 25. Nxf5 Rxd1 26. Raxd1 1-0

[Event "AUTO-INT-1189"]
[Site "http://www.queenalice.com/game.php?id=533142"]
[Date "2009.2.1"]
[Round "1"]
[White "SPQR_Gladiatore"]
[Black "vortex"]
[Result "0-1"]
[WhiteElo "1441"]
[BlackElo "1755"]

1. e4 e5 2. Nf3 d6 3. Bc4 h6 4. d3 Bg4 5. d4 Qf6 6. Qd3 Bxf3 7. gxf3 exd4 8. Bd2
Nc6 9. Bb5 Ne7 10. Qc4 Qxf3 11. Qf1 O-O-O 12. Bxc6 Nxc6 13. Rg1 Qxe4+ 14. Kd1
Nb4 15. Na3 Qf3+ 16. Kc1 d5 17. h3 c6 18. Rg3 Qf5 19. c3 Nd3+ 20. Kc2 Nf4+ 21.
Kd1 Bxa3 22. bxa3 dxc3 23. Bxc3 Rhg8 24. Kc1 Rge8 25. Kb2 Re2+ 26. Kb3 Qe6 27.
Re3 d4+ 0-1